02302nas a2200241Ia 4500001001100000003001000011008004100021040002500062041001300087100001700100210003800117222003800155245006300193250001100256260005400267300001300321310001400334362003800348500077300386501011401159520077301273650001402046R050-R761IIT-CnALBA170116c99999999xx |||||||||||| ||und|| aIT-CnALBAcIT-CnALBA aITALIANO aSHEHU MEHMET aDOCUMENTAZIONE SUI PAESI DELL'EST aDOCUMENTAZIONE SUI PAESI DELL'EST 0aDOCUMENTAZIONE SUI PAESI DELL'EST. VOL. II. ANNO V. 1969.  a1a ed. aMILANObCESES, CENTRO STUDI R. PROB. ECON. c1969 a1009 p.  aBIMENSILE aFascicolo: 13-24 / Anno: 5 (1969) aRIFORMA DELLA SCUOLA IN ALBANIA. SINDACALISTI ANTIPARTITO IN CECOSLOVACCHIA. STATUTO DEL PARTITO COMUNISTA IN CINA. JUGOSLAVIA, DIVERGENZE DELLA LEGA. INDICE DEGLI AUTORI. INDICE ANALITICO DELLA MATERIA. VIOLAZIONE DELLE LEGGI IN POLONIA. UNGHERIA, RIFORMA ECONOMICA. CRITICA DEI SOVIETICI AI PAESI DELL'EST. CRITICA DI PECHINO AL COMECON. CONFLITTO CINO SOVIETICO. ECONOMIA. RELIGIONE. GIOVENTÙ. LAVORO. SINDACATI. REPRESSIONE STALINIANA IN CECOSLOVACCHIA. RIFORMA DI HUSAK. CROCIATA BOEMA. PROGETTO DELLO STATUTO IN CECOSLOVACCHIA. POLONIA, ARRETRATEZZA ECONOMICA. ASPETTI DELLA VITA SOCIALE. ROMANIA, PRESA DI POSIZIONE SUL COMECON. UNGHERIA E COMECON. URSS COMECON E IMPERIALISMO SOVIETICO. ACCUSE DI PECHINO A MOSCA. ELENCO DELLE FONTI, QUOTIDIANI E PERIODICI.  aSocietà San Paolo EM - Piazza San Paolo, 14 - 12051 ALBA (CN) (non commercial uses only) ® Copyright 2017 aRIFORMA DELLA SCUOLA IN ALBANIA. SINDACALISTI ANTIPARTITO IN CECOSLOVACCHIA. STATUTO DEL PARTITO COMUNISTA IN CINA. JUGOSLAVIA, DIVERGENZE DELLA LEGA. INDICE DEGLI AUTORI. INDICE ANALITICO DELLA MATERIA. VIOLAZIONE DELLE LEGGI IN POLONIA. UNGHERIA, RIFORMA ECONOMICA. CRITICA DEI SOVIETICI AI PAESI DELL'EST. CRITICA DI PECHINO AL COMECON. CONFLITTO CINO SOVIETICO. ECONOMIA. RELIGIONE. GIOVENTÙ. LAVORO. SINDACATI. REPRESSIONE STALINIANA IN CECOSLOVACCHIA. RIFORMA DI HUSAK. CROCIATA BOEMA. PROGETTO DELLO STATUTO IN CECOSLOVACCHIA. POLONIA, ARRETRATEZZA ECONOMICA. ASPETTI DELLA VITA SOCIALE. ROMANIA, PRESA DI POSIZIONE SUL COMECON. UNGHERIA E COMECON. URSS COMECON E IMPERIALISMO SOVIETICO. ACCUSE DI PECHINO A MOSCA. ELENCO DELLE FONTI, QUOTIDIANI E PERIODICI.  aPERIODICI